| 000 | 00539nam a22001697a 4500 | ||
|---|---|---|---|
| 005 | 20251108175052.0 | ||
| 008 | 250721s1994 xx 000 0 ara d | ||
| 082 | 1 | 4 | _a350/شيح |
| 100 | 1 | _aشيحا، ابراهيم عبد العزيز | |
| 245 | 1 | 0 | _aالإدارة العامة : العملية الإدارية / |
| 264 | 1 |
_aبيروت : _bالدار الجامعية، _c1994. |
|
| 300 | _a463 ص. | ||
| 650 | 1 | 7 | _aالإدارة العامة |
| 650 | 1 | 7 | _aالعلوم الإدارية |
| 942 |
_2ddc _cBK |
||
| 999 |
_c125363 _d125363 |
||